Roland Garros : Finalistes (2000's) - Statistiques

Statistiques générales
  • Ce quiz a été pris 173 fois
  • Le résultat moyen est 3 sur 12
Answers on the Grid
Answers color-coded by a green-red scale on the quiz's grid according to % correct below.
Robin Söderling
Andre Agassi
Mariano Puerta
Juan Carlos Ferrero
Novak Djokovic
Gilles Simon
Gustavo Kuerten
Magnus Norman
Pete Sampras
Guillermo Coria
Ievgueni Kafelnikov
Arnaud Clément
Roger Federer
Andy Roddick
Marat Safin
Martin Verkerk
Andy Murray
Jo-Wilfried Tsonga
Gastón Gaudio
Juan Martín del Potro
Fernando Verdasco
Michael Chang
Àlex Corretja
Carlos Moyà
Jonas Björkman
Rafael Nadal
Nikolay Davydenko
Tommy Robredo
Tommy Haas
Albert Costa
 
Statistiques - réponses
Réponse % Correct
Roger Federer
61%
Rafael Nadal
58%
Robin Söderling
37%
Juan Carlos Ferrero
30%
Gastón Gaudio
25%
Albert Costa
23%
Guillermo Coria
23%
Gustavo Kuerten
23%
Mariano Puerta
23%
Àlex Corretja
18%
Magnus Norman
11%
Martin Verkerk
11%
Aucun quiz correspondant
Distribution des résultats
% des personnes avec chaque résultat
Percentile par nombre de réponses
Votre historique - résultats
Vous n’avez pas pris ce quiz